A transputer-based implementation for parallel LISP applications /
Saved in:
| Main Author: | |
|---|---|
| Format: | Thesis Book |
| Language: | English |
| Published: |
1991.
|
| Subjects: | |
| Tags: |
Add Tag
No Tags, Be the first to tag this record!
|
| LEADER | 00767cam a2200229 a 4500 | ||
|---|---|---|---|
| 001 | u303639 | ||
| 003 | SIRSI | ||
| 008 | 921222s1991 si v 00 1 eng m | ||
| 035 | |a ABL-0538 | ||
| 040 | |a UMM | ||
| 090 | |a QA76.73 |b L23Fen | ||
| 100 | 1 | 0 | |a Feng, Ming Dong. |
| 245 | 1 | 2 | |a A transputer-based implementation for parallel LISP applications / |c Feng Ming Dong. |
| 260 | |c 1991. | ||
| 300 | |a viii, 106 leaves : |b ill. ; |c 30 cm. | ||
| 502 | |a Dissertation (M.Sc.) -- National University of Singapore, 1991. | ||
| 650 | 0 | |a LISP (Computer program language) | |
| 650 | 0 | |a Parallel processing (Electronic computers) | |
| 650 | 0 | |a Transputers. | |
| 948 | |a 22/12/1992 |b 14/08/2002 | ||
| 596 | |a 1 | ||
| 999 | |a QA76.73 L23FEN |w LC |c 1 |i A011136086 |l STACKS |m P01UTAMA |r Y |s Y |t TESIS |u 30/12/1992 | ||
